Mathematics for science & engineering / (Record no. 181204)
[ view plain ]
| 000 -LEADER | |
|---|---|
| fixed length control field | 00903 a2200181 4500 |
| 003 - CONTROL NUMBER IDENTIFIER | |
| control field | Nust |
| 005 - DATE AND TIME OF LATEST TRANSACTION | |
| control field | 20230705143817.0 |
| 040 ## - CATALOGING SOURCE | |
| Transcribing agency | Nust |
| 082 ## - DEWEY DECIMAL CLASSIFICATION NUMBER | |
| Classification number | 519,ALG |
| 100 ## - MAIN ENTRY--PERSONAL NAME | |
| Personal name | Alger, Philip Langdon, |
| 9 (RLIN) | 113382 |
| 245 ## - TITLE STATEMENT | |
| Title | Mathematics for science & engineering / |
| Statement of responsibility, etc. | Philip L. Alger. Charles Proteus Steinmetz |
| 260 ## - PUBLICATION, DISTRIBUTION, ETC. | |
| Place of publication, distribution, etc. | New York, |
| Name of publisher, distributor, etc. | McGraw-Hill |
| Date of publication, distribution, etc. | [1969] |
| 300 ## - PHYSICAL DESCRIPTION | |
| Extent | , 360 p. illus |
| Other physical details | . 23 cm. |
| 505 ## - FORMATTED CONTENTS NOTE | |
| Formatted contents note | Arithmetic (Page-1), Trigonometry (Page-35), Directed Numbers (Page-59), Algebraic Equations (Page-94), Infinite Series (Page-121), Numerical Calculations (Page-145), Empirical Curves (Page-156), Functions (Page-199), Trigonometric Series (Page-220), Maxima And Minima (Page-245), Differential Equations (Page-259), Probability (Page-292). |
| 600 ## - SUBJECT ADDED ENTRY--PERSONAL NAME | |
| Personal name | Philip L. Alger. Charles Proteus Steinmetz |
| 9 (RLIN) | 113383 |
| 650 ## - SUBJECT ADDED ENTRY--TOPICAL TERM | |
| Topical term or geographic name entry element | Mathematics for science & engineering |
| 9 (RLIN) | 113384 |
| 942 ## - ADDED ENTRY ELEMENTS (KOHA) | |
| Source of classification or shelving scheme | |
| Koha item type | Book |
| Call number prefix | 519,ALG |
| Withdrawn status | Lost status | Source of classification or shelving scheme | Damaged status | Not for loan | Permanent Location | Current Location | Shelving location | Date acquired | Full call number | Barcode | Date last seen | Price effective from | Koha item type | Public note |
|---|---|---|---|---|---|---|---|---|---|---|---|---|---|---|
| Military College of Signals (MCS) | Military College of Signals (MCS) | General Stacks | 12/12/2016 | 519,ALG | MCS7597 | 12/08/2016 | 12/12/2016 | Book | Almirah No.82, Shelf No.5 |
